| 000 | 00421cam a2200157ua 4500 | ||
|---|---|---|---|
| 041 |
_aeng _h |
||
| 082 |
_a621.9023 _bMEH/MA |
||
| 100 | _aMetha, N.K . | ||
| 245 |
_aMachine tool design and numerical control / _cN.K Metha. _hTextual Documents |
||
| 250 |
_a2nd / _b. |
||
| 260 |
_aNewDelhi : _bTata Mc-Graw Hill Publishing Company , _c2007. |
||
| 300 | _a505 ; . | ||
| 504 | _a | ||
| 942 | _cBK | ||
| 999 |
_c12912 _d12912 |
||